000 00276nam a22001337a 4500
008 170808b xxu||||| |||| 00| 0 eng d
020 _a9780071548649
041 _aeng
080 _23RD
_a004
100 _a35
101 _aSHK
245 _aSQL
_cOPPEL,A
942 _2udc
_cBK
999 _c22891
_d22891